000 00630nam a2200181Ia 4500
008 100921s9999 xx 000 0 und d
082 _b250
_a891.463 थ 63
100 _aभावे पुरूषोत्तम भास्कर.
245 _aअडीच अक्षरे.
260 _bकुलकर्णी ग्रंथागार,पुणे.
_c1963
300 _a122
_b---
365 _b4
520 _aललित-कादंबरी.
630 _aअडीच अक्षरे.
650 _aललित-कादंबरी.
730 _aअडीच अक्षरे.
942 _cBOOK
999 _c749363
_d749360